000 01615cam a2200373 a 4500
001 7842170
003 ARRUPE
005 20131203191938.0
008 750522r19381938enkbcfh 001 0aeng
010 _a 39002701
040 _aDLC
_cDLC
_dDLC
043 _aaw-----
_ae-uk---
050 1 0 _aPR6023.A937
_bZ48 1938
050 0 0 _aD568.4.L45
_bA4 1938
082 _a923.542
100 1 _aLawrence, T. E.
_q(Thomas Edward),
_d1888-1935.
_95072
240 1 0 _aCorrespondence.
_kSelections
245 1 4 _aThe letters of T.E. Lawrence /
_cedited by David Garnett.
260 _aLondon :
_bJ. Cape,
_c1938.
300 _a896 p., [18] leaves of plates (2 folded) :
_bill., facsims., maps, ports. ;
_c24 cm.
500 _aSelected by the editor "to make a book in which Lawrence's career, his intellectual development and details of his life should be recorded, traced and documented almost entirely in his own words"--Pref.
500 _aIncludes index.
600 1 0 _aLawrence, T. E.
_q(Thomas Edward),
_d1888-1935
_vCorrespondence.
_95073
650 0 _aWorld War, 1914-1918
_xCampaigns
_zMiddle East
_vSources.
_95074
650 0 _aSoldiers
_zGreat Britain
_vCorrespondence.
_95075
651 0 _aGreat Britain
_xIntellectual life
_y20th century
_vSources.
_95076
700 1 _aGarnett, David,
_d1892-1981.
_95077
700 1 _aRogers, Bruce,
_d1870-1957,
_eformer owner.
_5DLC
_95078
710 2 _aPforzheimer Bruce Rogers Collection (Library of Congress)
_5DLC
_95079
906 _a7
_bcbc
_cpremver
_d1
_encip
_f19
_gy-gencatlg
942 _2lcc
_cMONOGRAPH
999 _c119057
_d119057